000 00752cam a22001934a 4500
005 20250605164307.0
008 250528s ||||||||||||||||||||||||d
035 _a22301
020 _a9786185198329
040 _aGR-AtMCL
_bgre
_dGR-AtMCL
_eAACR2
245 1 _aΧρηματοοικονομική Λογιστική / Βάσει των Ελληνικών Λογιστικών Προτύπων και των Ν. 4548/ 2018 για την Αναμόρφωση του Δικαίου της Ανώνυμης Εταιρείας.
_nΤόμος Πρώτος
250 _a
260 _bΔιπλογραφία,
_c2019
300 _a560
700 1 _aΑληφάντης Γεώργιος Στ
_94257
942 _cBK
999 _c7355
_d7355